000 00653nam a2200265Ia 4500
005 20260121170245.0
008 008 260114s9999 xx 000 0 eng d
020 _a9789811064067
037 _aEBOOK
040 _aCRL
040 _beng
040 _cCRL
041 _2eng
041 _aeng
084 _qCRL
100 _aMinghua Zhou, Mehmet A. Oturan, Ignasi Sirés
_91061700
245 0 _aElectro-Fenton Process
260 _bSpringer
260 _bSpringer
260 _c2018
856 _uhttps://link.springer.com/openurl?genre=book&isbn=978-981-10-6406-7
942 _cEBOOK
999 _c1627429
_d1627429